| 000 | 00939nam a2200253 a 4500 | ||
|---|---|---|---|
| 001 | 38636 | ||
| 003 | BD-RjUL | ||
| 005 | 20211209052831.0 | ||
| 008 | 191104s1972 ii | 001 0 ben | ||
| 020 | _c: IRs. 2.00 | ||
| 035 | _a(BD-RjUL)38744 | ||
| 040 |
_aDLC _cDLC _dDLC _bben/eng |
||
| 041 | _aben | ||
| 082 | 0 | 0 |
_a928.9144 _223 _bBIS 1972 |
| 100 | 1 |
_aবিশী, প্রমথনাথ _9234496 |
|
| 245 | 1 | 0 |
_aশিলাইদহে রবীন্দ্রনাথ / _cপ্রমথনাথ বিশী |
| 260 |
_aকলিকাতা: _bমিত্র ও ঘোষ, _c১৯৭২ |
||
| 300 |
_a১১০ পৃ. ; _c১৮ সেমি. |
||
| 500 | _aIncludes index. | ||
| 650 | 0 |
_aOperational amplifiers. _9118644 |
|
| 830 |
_aমিত্র ও ঘোষ বাংলা পকেট বই _9234497 |
||
| 942 |
_2ddc _cBK |
||
| 999 |
_c38636 _d38636 |
||